| 000 | 00965cam a22002897i 4500 | ||
|---|---|---|---|
| 008 | |||
| 020 | _a9781783471768 (pbk.) | ||
| 049 | _aMAIN | ||
| 090 |
_aREF HD2326 _bNOR |
||
| 100 | 1 | _aNorman, George. | |
| 245 | 1 | 0 |
_aDictionary of industrial organization / _cGeorge Norman, Darlene C. Chisholm. |
| 260 |
_aCheltenham, UK : _bEdward Elgar, _c2014. |
||
| 300 |
_av, 334 p. : _bill. ; _c24 cm. |
||
| 490 | 0 | _aElgar original reference | |
| 504 | _aIncludes bibliographical references. | ||
| 650 | 0 |
_aIndustrial organization (Economic theory) _vDictionaries. |
|
| 650 | 0 |
_aOrganizational behavior _vDictionaries. |
|
| 650 | 7 | _aIndustrial organization (Economic theory). | |
| 650 | 7 | _aOrganizational behavior. | |
| 655 | 7 | _aDictionaries. | |
| 700 | 1 | _aChisholm, Darlene C. | |
| 907 |
_a.b10378765 _b22-02-17 _c22-02-17 |
||
| 003 | |||
| 005 | 20230123122242.0 | ||
| 040 | _cNUST | ||
| 942 |
_cBOOKS _kREF HD2326 _mNOR |
||
| 999 |
_c130454 _d130454 |
||